Tabi ni manabu /

Saved in:
Bibliographic Details
Main Author: Miyamoto, Tsuneichi, 1907-1981.
Other Authors: Tamura, Zenjirō, 1934-
Format: Book
Language:Japanese
Published: Tōkyō : Miraisha, 1986.
Series:Miyamoto, Tsuneichi, 1907-1981. Nihon minshūshi ; 1967 ; 31.
Subjects:
Tags: Add Tag
No Tags, Be the first to tag this record!
LEADER 01389nam a2200349 a 4500
001 007714971-8
005 20024617115255.0
008 861003s1986 ja a 000 0 jpn
010 |a 86207846 /AJ 
020 |c Y2800 
035 0 |a ocm16356217 
040 |a DLC  |c DLC  |d *YNH*  |d CStRLIN 
043 |a a-ja--- 
050 0 |a DS821  |b .M617 1967 vol. 31 
100 1 |6 880-01  |a Miyamoto, Tsuneichi,  |d 1907-1981. 
245 1 0 |6 880-02  |a Tabi ni manabu /  |c [chosha Miyamoto Tsuneichi ; hensha Tamura Zenjirō]. 
260 |6 880-03  |a Tōkyō :  |b Miraisha,  |c 1986. 
300 |a 313 p. :  |b ill. ;  |c 19 cm. 
490 1 |6 880-04  |a Miyamoto Tsuneichi chosakushū ;  |v 31 
500 |a Collection of writings related to research study, originally published in journals and his works. With new introd. 
651 0 |a Japan  |x Social life and customs  |x Research. 
650 0 |a Sociology  |x Methodology. 
700 1 |6 880-05  |a Tamura, Zenjirō,  |d 1934- 
880 1 |6 100-01  |a 宮本常一,  |d 1907- 
880 1 0 |6 245-02  |a 旅にまなぶ /  |c [著者宮本常一; 編者田村善次郎]. 
880 |6 260-03  |a 東京 :  |b 未来社,  |c 1986. 
880 1 |6 490-04  |a 宮本常一著作集 ;  |v 31 
880 1 |6 700-05  |a 田村善次郎,  |d 1934- 
800 1 |6 880-06  |a Miyamoto, Tsuneichi,  |d 1907-1981.  |t Nihon minshūshi ;  |f 1967 ;  |v 31. 
880 1 |6 800-06  |a 宮本常一,  |d 1907-  |t Works.  |f 1967 ;  |v 31. 
988 |a 20021209 
906 |0 DLC